000 01167nam a22003377a 4500
003 CHAP
005 20220329141033.0
008 971013s1997 r 00010 d
010 _a61667
011 _a62639
035 _a66814
040 _cCHAP
090 _aTesis
100 0 0 _aJuárez de la Cruz, Abraham.
_962403
245 _aInfluencia del ambiente de producción y de almacenamiento sobre la calidad de semilla de cebolla
260 _aChapingo, Méx. :
_bEl autor,
_c1997
300 _a82 h.
502 _aTesis (Ing. Agr. Esp. en Fitotecnia) -- UACH. Departamento de Fitotecnia
590 _aALEPH
_b10
_c20130110
_lUCH01
_h1343
590 _aBATCH-UPD
_b10
_c20130110
_lUCH01
_h0727
590 _aBATCH-UPD
_b10
_c20130410
_lUCH01
_h0411
590 _aBATCH-UPD
_b10
_c20130914
_lUCH01
_h0906
590 _aCONVERSION
_b10
_c20130109
_lUCH01
_h1333
650 1 4 _aCebolla
_xSemilla.
_920803
650 1 4 _aSemillas
_xAlmacenamiento.
_9103875
650 1 4 _aSemillas
_xEfecto del medio ambiente.
_9103897
901 _aBK
942 _cFOLL
949 _bBC
_cTES
_d-152062
_eTS1
_h30824
_i66814
_si
949 _bBC
_cTES
_d33724000603858
_eTS2
_fc.2
_h30825
_i66814
_si
999 _c61667
_d61667